KOHA-Header-6

CMMI Distilled A Practical Introduction to Integrated Process (Record no. 9596)

000 -LEADER
fixed length control field 00299nam a2200109Ia 4500
100 ## - MAIN ENTRY--AUTHOR NAME
Personal name Dennis M.Ahern
245 #0 - TITLE STATEMENT
Title CMMI Distilled A Practical Introduction to Integrated Process
260 ## - PUBLICATION, DISTRIBUTION, ETC. (IMPRINT)
Place of publication New Delhi
Name of publisher Pearson
Year of publication 2000
300 ## - PHYSICAL DESCRIPTION
Number of Pages 417
942 ## - ADDED ENTRY ELEMENTS (KOHA)
Koha item type Books
Holdings
Withdrawn status Lost status Collection code Permanent Location Current Location Shelving location Date acquired Full call number Accession Number Koha item type
    Computer Networking MAJU MAJU   2019-09-14 5.133 5436 Computer Networking

Powered by Koha